000 00616nam a22001817a 4500
999 _c60559
_d60559
005 20230830160133.0
008 230830s1991 ru ||||| |||| 00| 0 rus d
020 _a5225019714
041 _arus
080 _a618.177 П-93
100 _aПшеничникова, Т. Я.
_919728
245 _aБесплодие в браке /
_cТ. Я. Пшеничникова; [Рецензент чл.-корр. АМН СССР В. Н. Серов]
264 _aМосква:
_b"Медицина",
_c1991ю
300 _a320 стр.
653 _aБесплодие
653 _aუშვილობა
942 _2udc
_cBK